000 00776nas a2200241 4500
001 BR2012003521
003 BR-BrBNA
005 20231205120608.0
007 ta
008 230509b bl.|||p| |||| 00| 00por d
040 _aBR-BrBNA
_bpor
_cBiblioteca Nacional de Agricultura
041 _a(Pt)
072 _aF70
100 1 _aBicudo, C.E. de M.
245 1 _aCriptógamos do Parque Estadual das Fonters do Ipiranga, São Paulo, SP. Algas, 31: Euglenophyceae (Euglenaceae não-pigmentadas
650 _aCOMPOSIÇÃO BOTÂNICA
650 _aCRIPTÓGAMO
650 _aALGA
650 _aTAXONOMIA VEGETAL
773 0 _tHoehnea (Brazil)
_xISSN 0073-2877
_g(Mar 2011), v. 38(1) p. 31-36
_wBR2012003521
909 _a202311
_bLúcia
_c55
_dLúcia Elande
942 _2AGRIS
_n0
_cANA
999 _c219308
_d219308